000 00616nam a2200229Ia 4500
003 OSt
005 20220918202602.0
006 a|||||r|||| 00| 0
007 ta
008 220917b |||||||| |||| 00| 0 eng d
024 _a102,345
037 _cTextual
040 _aARTS
_cARTS
_beng
041 _2eng
_aeng
082 _aV236M46, H9 (EV)
100 _aMahajan Jagmohan
_995238
245 0 _aAnnexation of the Punjab, 1846-1849
260 _aAllahabad
_bKitabistan
_c1949
650 _aHISTORY
942 _hV236M46, H9 (EV)
_cTEXL
_2CC
999 _c225799
_d225799